000 00639nam a2200241Ia 4500
003 0100
008 130227s9999 xx 000 0 und d
020 _a0870232134
040 _cARRUPELIB
050 _aBC50.P68 1976
100 _aPrior, Arthur N.
245 _aPapers in logic and ethics
260 _aAmherst
260 _bUniversity of Massachusetts Press
260 _C1976
300 _a233p
300 _b 22cm
650 _bKant, Immanuel, 1724-1804
650 _cHegel, Georg Wilhelm Friedrich, 1770-1831
650 _dMarx, Karl, 1818-1883
700 _aGeach, P. T. (ed); Kenny, A. J. P. (ed)
942 _2lcc
_03
999 _c3095
_d3095